| 000 | 00705nam a22002057a 4500 | ||
|---|---|---|---|
| 999 |
_c11203 _d11203 |
||
| 003 | AR-CdUCM | ||
| 008 | 190403b ||||| |||| 00| 0 spa d | ||
| 040 |
_aMUNICIPALIDAD PROVINCIAL DEL CUSCO _cBIBLIOTECA MUNICIPAL DEL CUSCO |
||
| 082 |
_aES / 373.460 / _bG22 |
||
| 100 |
_aGarcía Casas, Ángel _928444 |
||
| 245 | _aLengua y Literatura 1 / | ||
| 260 |
_aLima : _bBruño. |
||
| 300 |
_a159 páginas ; _c27cm |
||
| 505 | _aContenido: Comunicación humana -- Clasificación semántica de la oración -- Gramática -- Redacción -- Lecturas | ||
| 650 |
_aLecturas _96094 |
||
| 650 |
_aLengua y Literatura _928445 |
||
| 650 |
_aEducación secundaria _94648 |
||
| 942 |
_2ddc _cLIBROS |
||
| 945 | _anom | ||